Polskie miasta na literę R - Statystyki

Ogólne statystyki
  • Ten quiz został rozwiązany 352 razy
  • Średni wynik to 4 z 5
Statystyki odpowiedzi
Województwo Miasto % Poprawnych
Podkarpackie Rzeszów
93%
Mazowieckie Radom
91%
Śląskie Rybnik
71%
Śląskie Ruda Śląska
66%
Śląskie Racibórz
53%
Nie znaleziono quizów pasujących do podanych kryteriów
Rozkład punktacji
Procent ludzi z każdym wynikiem
Percentyl według liczby udzielonych odpowiedzi
Twoja historia wyników
Nie rozwiązałeś tego quizu